Central Library OPAC University of Rajshahi

Risk management : (Record no. 591)

MARC details
000 -LEADER
fixed length control field 00798nam a2200277 a 4500
001 - CONTROL NUMBER
control field 591
003 - CONTROL NUMBER IDENTIFIER
rucl marc code BD-RjUL
005 - DATE AND TIME OF LATEST TRANSACTION
control field 20211208233214.0
008 - FIXED-LENGTH DATA ELEMENTS--GENERAL INFORMATION
fixed length control field 150211s2011 ii || b 001 0 eng
020 ## - INTERNATIONAL STANDARD BOOK NUMBER
International Standard Book Number 9788184950991
035 ## - SYSTEM CONTROL NUMBER
System control number (BD-RjUL)
040 ## - CATALOGING SOURCE
Original cataloging agency DLC
Transcribing agency DLC
Modifying agency DLC
-- BD-RjUL
Language of cataloging eng
041 ## - LANGUAGE CODE
Language code of text/sound track or separate title eng
082 00 - DEWEY DECIMAL CLASSIFICATION NUMBER
Classification number 658.155
Author mark and year BAR 2011
Edition number 20
100 ## - MAIN ENTRY--PERSONAL NAME
Personal name Basu, D.
9 (RLIN) 116087
245 10 - TITLE STATEMENT
Title Risk management :
Remainder of title Contemporary Trends and Practices /
Statement of responsibility, etc. D. Basu & D. K. Sinha.
260 ## - PUBLICATION, DISTRIBUTION, ETC. (IMPRINT)
Place of publication, distribution, etc. Delhi :
Name of publisher, distributor, etc. Jaico Publishing House,
Date of publication, distribution, etc. 2011.
300 ## - PHYSICAL DESCRIPTION
Pagination x,148 p. ;
Size 26 cm.
504 ## - BIBLIOGRAPHY, ETC. NOTE
Bibliography, etc Includes bibliography and index.
650 ## - SUBJECT ADDED ENTRY--TOPICAL TERM
Topical term or geographic name as entry element Risk management.
9 (RLIN) 115587
Topical term or geographic name as entry element Risk perception.
9 (RLIN) 116088
Topical term or geographic name as entry element Risk.
9 (RLIN) 116089
700 ## - ADDED ENTRY--PERSONAL NAME
Personal name Sinha, D. K.
942 ## - ADDED ENTRY ELEMENTS (KOHA)
Source of classification or shelving scheme Dewey Decimal Classification
Koha item type Books
Holdings
Lost status Source of classification or shelving scheme Damaged status Not for loan Collection code Permanent Location Current Location Shelving location Date acquired Source of acquisition Cost, normal purchase price Total Checkouts Full call number Date last seen Copy number Koha item type
  Dewey Decimal Classification   Not For Loan Non-fiction Central Library, University of Rajshahi Central Library, University of Rajshahi Reading Room 23/07/2014 Chittagong, Battighar 665.00   658.155 BAR 2011 11/02/2015 C-1 Books